LEADER 01123nam0-22003371i-450- 001 990001862470403321 005 20090209134623.0 035 $a000186247 035 $aFED01000186247 035 $a(Aleph)000186247FED01 035 $a000186247 100 $a20030910d1963----km-y0itay50------ba 101 0 $aita 102 $aIT 105 $ay-------001yy 200 1 $aContributo allo studio delle cultivar di ciliegio della provincia di Torino$fItalo Eynard, Roberto Paglietta 210 $aTorino$c[s.n.]$d1963 215 $a28 p.$d24 cm 225 1 $aRaccolta di memorie$fUniversità degli studi di Torino. Facoltà di scienze agrarie$v341 300 $aEstr. da: Annali dell'Accademia di Agricoltura di Torino, 1962-63. 610 0 $aPrunus avium 676 $a634.23 700 1$aEynard,$bItalo$073383 701 1$aPaglietta,$bRoberto$0354814 801 0$aIT$bUNINA$gRICA$2UNIMARC 901 $aBK 912 $a990001862470403321 952 $a60 MISC. B 131/341$fFAGBC 959 $aFAGBC 996 $aContributo allo studio delle cultivar di ciliegio della provincia di Torino$9401853 997 $aUNINA LEADER 04334nam 2200649Ia 450 001 9910139553303321 005 20170814170531.0 010 $a0-470-96057-4 010 $a1-118-78565-7 010 $a1-283-27290-3 010 $a9786613272904 010 $a0-470-96056-6 035 $a(CKB)2550000000099684 035 $a(EBL)818641 035 $a(OCoLC)767579254 035 $a(SSID)ssj0000555337 035 $a(PQKBManifestationID)11359234 035 $a(PQKBTitleCode)TC0000555337 035 $a(PQKBWorkID)10533531 035 $a(PQKB)10597199 035 $a(MiAaPQ)EBC818641 035 $a(PPN)204772141 035 $a(EXLCZ)992550000000099684 100 $a20110308d2011 uy 0 101 0 $aeng 135 $aur|n|---||||| 181 $ctxt 182 $cc 183 $acr 200 00$aPractical osseous surgery in periodontics and implant dentistry$b[electronic resource] /$fedited by Serge Dibart, Jean-Pierre Dibart 210 $aChichester, West Sussex, UK ;$aAmes, Iowa $cWiley-Blackwell$d2011 215 $a1 online resource (284 p.) 300 $aDescription based upon print version of record. 311 $a0-8138-1812-5 320 $aIncludes bibliographical references and index. 327 $aPRACTICAL OSSEOUS SURGERY IN PERIODONTICS AND IMPLANT DENTISTRY; Table of Contents; Foreword; Contributors; Acknowledgments; Section 1: Body-Mouth Connection: Relevant Pathologies Affecting Dental Treatment, Guidelines, Prevention, and Necessary Precautions; Chapter 1: Body Weight, Diet, and Periodontitis; Chapter 2: Diabetes and Periodontitis; Chapter 3: Osteonecrosis of the Jaw; Chapter 4: Periodontitis and Cardiovascular Disease; Chapter 5: Periodontitis, Arthritis, and Osteoporosis; Section 2: Osseous Surgery in Periodontal Therapy; Chapter 6: Resective Osseous Surgery 327 $aChapter 7: Regenerative Osseous Surgery: The Use of Growth Factor-Enhanced Bone GraftsSection 3: Osseous Surgery in Implant Therapy; Chapter 8: Introduction, History, and Emergence of Prosthetically Driven Implant Placement; Chapter 9: Interpretation of the Preoperative CT Scan: The Relationship of Anatomy and Occlusion to Implant Placement; Chapter 10: Immediate Implants: Controversy or Risk Assessment?; Chapter 11: Atraumatic Piezosurgical Extractions: A Solution for Bone Preservation; Chapter 12: The Minimally Invasive Maxillary Sinus Surgery 327 $aChapter 13: The Narrow Ridge in the Maxilla and the Mandible and Its Correction: Ridge Splitting Using Piezoelectric Surgery and Grafting with or without Simultaneous Implant PlacementChapter 14: Autogenous Block Graft; Section 4: Osseous Surgery in Orthodontic Therapy; Chapter 15: Piezocision: Minimally Invasive Periodontally Accelerated Orthodontic Tooth Movement Procedure; Section 5: Future Directions and Dilemmas; Chapter 16: Computer-Assisted Implant Dentistry: Possibilities and Limitations; Chapter 17: Endodontic Microsurgery or Dental Implants? 327 $aSection 6: Restoration of the Placed ImplantChapter 18: What Every Surgeon Needs to Know About Implant-Supported Prosthodontics; Index 330 $aPractical Osseous Surgery in Periodontics and Implant Dentistry is a step-by-step manual that guides readers through osseous surgery procedures for treating periodontal issues as well as for ensuring proper anchorage of dental implants. Dibart and Dibart use hundreds of color photographs and succinct text to illustrate and explain the most recent advances and techniques for creating the ideal bone structure for each patient. This book covers periodontal therapies including resective surgery, and regenerative surgery, as well as implant therapies, including socket perseveration, correcti 606 $aOsseointegrated dental implants 606 $aDental implants 606 $aPeriodontal disease 615 0$aOsseointegrated dental implants. 615 0$aDental implants. 615 0$aPeriodontal disease. 676 $a617.4/710592 676 $a617.4710592 701 $aDibart$b Serge$0882815 701 $aDibart$b Jean-Pierre$0972048 801 0$bMiAaPQ 801 1$bMiAaPQ 801 2$bMiAaPQ 906 $aBOOK 912 $a9910139553303321 996 $aPractical osseous surgery in periodontics and implant dentistry$92210106 997 $aUNINA LEADER 01518nam a2200337 i 4500 001 991003888009707536 008 080917s2007 riua b 100 0 eng d 020 $a9780821837405 020 $a0821837400 035 $ab13767240-39ule_inst 040 $aDip.to Matematica$beng 082 04$a515.353$222 084 $aAMS 35F20 084 $aAMS 35G20 084 $aAMS 35A05 084 $aLC QA377.S9635 111 2 $aSymposium on analysis and PDE's$n<2. ;$d2004 ;$cPurdue University>$0629162 245 10$aRecent developments in nonlinear partial differential equations :$bthe Second Symposium on Analysis and PDE's, June 7-10, 2004, Purdue University, West Lafayette, Indiana /$cDonatella Danielli, editor 260 $aProvidence, R. I. :$bAmerican Mathematical Society,$cc2007 300 $aviii, 133 p. :$bill. ;$c26 cm 440 0$aContemporary mathematics,$x0271-4132 ;$v439 504 $aIncludes bibliographical references 650 0$aDifferential equations, Partial$vCongresses 650 0$aDifferential equations, Nonlinear$vCongresses 700 1 $aDanielli, Donatella$eauthor$4http://id.loc.gov/vocabulary/relators/aut$0502357 907 $a.b13767240$b28-01-14$c17-09-08 912 $a991003888009707536 945 $aLE013 35F DAN11 (2007)$g1$i2013000208718$lle013$op$pE35.93$q-$rl$s- $t0$u1$v0$w1$x0$y.i14846974$z02-10-08 996 $aRecent developments in nonlinear partial differential equations$91464699 997 $aUNISALENTO 998 $ale013$b17-09-08$cm$da $e-$feng$griu$h0$i0